Les 11 réservistes de la coupe du monde - Mort subite - Statistiques

Statistiques générales
  • Ce quiz a été pris 59 fois
  • Le résultat moyen est 4 sur 11
Answers on the Grid
Answers color-coded by a green-red scale on the quiz's grid according to % correct below.
Dimitri Payet
Kurt Zouma
Bouna Sarr
Mathieu Debuchy
Benoît Costil
Moussa Sissoko
Anthony Martial
Patrice Evra
Hatem Ben Arfa
Benoît Trémoulinas
Wissam Ben Yedder
Loic Perrin
Kévin Gameiro
Bakary Sagna
Alexandre Lacazette
Lucas Digne
Rémi Cabella
Christophe jallet
Morgan Schneiderlin
Kinglsey Coman
Stéphane Ruffier
Mamadou Sakho
Maxime Gonalons
Adrien Rabiot
 
Statistiques - réponses
Réponse % Correct
Adrien Rabiot
47%
Kurt Zouma
42%
Alexandre Lacazette
39%
Anthony Martial
37%
Kinglsey Coman
34%
Wissam Ben Yedder
34%
Benoît Costil
32%
Lucas Digne
29%
Moussa Sissoko
29%
Mamadou Sakho
16%
Mathieu Debuchy
13%
Aucun quiz correspondant
Distribution des résultats
% des personnes avec chaque résultat
Percentile par nombre de réponses
Votre historique - résultats
Vous n’avez pas pris ce quiz